01015nam a2200205 a 450000100100000000500170001000800410002702000150006804000250008308200160010824501540012426000400027830000350031850000670035304900090042095201290042995201140055895201200067299900170079200003423720200930070907.0091125s2006 dr b 000 0 spa d a9945401262 aDO-SdBNPbspacBNPHU axxxxbM516g00aGuía de Santo Domingo :bcalles, avenidas, barrios , sectores ensanches,urbanizaciones , Residenciales , localizadores, servicios diversos al 2007. aSanto Domingo :bMapas GAAR,c2006. a275 p. :bil., maps. ;c22 cm. aAtlas de mapas parciales de la ciudad de Santo Domingo al 2007 aBNPD 001154708DSaGRbGRcMId2011-09-28iLF1l0oxxxx M516gp34237-30r2020-06-25te. 3w2020-06-25yLFDSZPréstamo en sala 0010718PDaPDbPDcHDd2011-09-28iLF1l0oxxxx M516gp34237-10r2020-06-25w2020-06-25yLFPDZNo se presta 0011718PDaPDbPDcMId2011-09-28iLF1l0oxxxx M516gp34237-20r2020-06-25te. 2w2020-06-25yLFPDZNo se presta c33728d33728